Vita e morte di Yukio Mishima /

Uloženo v:
Podrobná bibliografie
Hlavní autor: Stokes, Henry Scott (Autor)
Další autoři: Mainardi, Riccardo (traduttore) (Překladatel)
Médium: Kniha
Jazyk:italština
Vydáno: Milano : Feltrinelli, 1985
Edice:Tempo ritrovato ; 12
Témata:
Tagy: Přidat tag
Žádné tagy, Buďte první, kdo vytvoří štítek k tomuto záznamu!

MARC

LEADER 00000nam a22000007i 4500
001 IT\ICCU\LO1\0004888
003 ItRI
005 20260115231856.0
008 890627s1985 it |||||| ||||| |||||c
020 |a 8807070138 
040 |b ita  |c importazione bologna sebina 
041 7 |a ita  |2 ISO-639-2 
082 |a 895.635  |9 NARRATIVA GIAPPONESE. 1945-  |2 20 
100 1 |a Stokes, Henry Scott  |0 IT\ICCU\RAVV\001069  |4 aut 
240 1 4 |a The life and death of Yukio Mishima.  |3 IT\ICCU\RAV\0001545  |9 Stokes, Henry Scott 
245 1 0 |a Vita e morte di Yukio Mishima /  |c Henry Scott Stokes. 
260 |a Milano :  |b Feltrinelli,  |c 1985 
300 |a 300 p., [16] p. di tav. ;  |c 23 cm 
500 |a Trad. di Riccardo Mainardi. 
650 7 |a Mishima, Yukio 
700 1 |a Mainardi, Riccardo  |c  (traduttore)  |0 IT\ICCU\CFIV\025695  |4 trl 
830 0 |a Tempo ritrovato ;  |v 12  |0 IT\ICCU\CFI\0008967 
942 |2 ddc  |c BK  |n 0 
952 |0 0  |1 0  |4 0  |6 DOC_895_635000000000000_STO  |7 0  |9 14958  |a BO  |b BO  |d 2026-01-15  |i 1517  |l 0  |o DOC 895.635 STO  |p BO1517  |r 2026-01-15 23:18:56  |w 2026-01-15  |x [Sebina 5] [1 v.]  |y BK  |z 1 v. 
999 |c 12879  |d 12879